| 000 | 00993cam a2200169ua 4500 | ||
|---|---|---|---|
| 041 |
_aeng _h |
||
| 082 |
_a693.22 _bIND/ME |
||
| 100 | _aIndian standards institutio, . | ||
| 110 | 1 |
_aIndian standards institution . _bISI _c() |
|
| 245 | 0 | 0 | _aMethod of measurement of building and civil engineering works ,Part-12-Plastering and pointing,IS:1200-1976 |
| 250 |
_a1 / _b. |
||
| 260 |
_aNew Delhi : _bIndian Standards Institution , _c1987. |
||
| 300 | _a9 ; . | ||
| 504 | _a | ||
| 942 | _cBK | ||
| 999 |
_c4586 _d4586 |
||